000 00386 a2200169 4500
001 171232
020 _a85-357-0245-8
040 _cMagnum
100 _aMartinelli, Tânia Alexandre
240 1 0 _aO que é que eu posso fazer?
_lpor
245 1 0 _aO que é que eu posso fazer?
300 _a119
362 0 _a2002
440 1 _aAtual
697 _aLITERATURA JUVENIL
942 _cBK
999 _c171232
_d171232